00873nam a22001097a 4500040000900000082002700009100001500036245056900051260002800620300002800648856008700676 cRUA  aAVM KIM 2010 B092 Or.1 aKIM SOTHOM aEffect of supplementation of fresh thomato (lypersicuml) residue and snail meat meal (pomacea canali culate) on cp feed on growth rate of avian broiler at royal university of agriculture, (ឥទ្ធិពលនៃការបន្ថែមសំណល់ប៉េងប៉ោះស្រស់ និងម្សៅសាច់ខ្យងលើចំណី ស៊ី​ ភី ទៅលើការលូតលាស់របស់មាន់សាច់ពូជ AVIAN នៅសាកលវិទ្យាល័យភូមិន្ទកសិកម្ម) aphnom penh brua c2010 aviii, 44p.bill.c29cm. uhttps://drive.google.com/file/d/1UfV99EVziH93zEXNB7CXyl7Z_3i3H30a/view?usp=sharing